Giáo trình quy hoạch thực nghiệm

Đã lưu trong:
Sonraí Bibleagrafaíochta
Príomhúdar: Nguyễn, Doãn Ý
Formáid: Leabhar
Teanga:Undetermined
Foilsithe: Hà Nội Khoa học và Kỹ thuật 2003
Ábhair:
Clibeanna: Cuir Clib Leis
Gan Chlibeanna, Bí ar an gcéad duine leis an taifead seo a chlibeáil!
Thư viện lưu trữ: Trung tâm Học liệu Trường Đại học Cần Thơ
LEADER 00580nam a2200193Ia 4500
001 CTU_75972
008 210402s9999 xx 000 0 und d
020 |b 18500 
082 |a 519.3 
082 |b Y600 
100 |a Nguyễn, Doãn Ý 
245 0 |a Giáo trình quy hoạch thực nghiệm 
245 0 |c Nguyễn Doãn Ý 
260 |a Hà Nội 
260 |b Khoa học và Kỹ thuật 
260 |c 2003 
650 |a Experimental design,Optimal designs ( statistics ) 
904 |i Minh,Hải 
980 |a Trung tâm Học liệu Trường Đại học Cần Thơ